Methods of Biostatistics (Record no. 61118)

MARC details
000 -LEADER
fixed length control field 00430nam a2200181 4500
020 ## - INTERNATIONAL STANDARD BOOK NUMBER
International Standard Book Number 978-81-8191-303-6
040 ## - CATALOGING SOURCE
Original cataloging agency Trident
082 ## - DEWEY DECIMAL CLASSIFICATION NUMBER
Classification number 610
Item number RAO
100 ## - MAIN ENTRY--PERSONAL NAME
Personal name T Bhaskara Rao
9 (RLIN) 45388
245 ## - TITLE STATEMENT
Title Methods of Biostatistics
250 ## - EDITION STATEMENT
Edition statement 3rd
260 ## - PUBLICATION, DISTRIBUTION, ETC.
Place of publication, distribution, etc. New Delhi
Name of publisher, distributor, etc. Paras Medical Publisher
Date of publication, distribution, etc. 2018
300 ## - PHYSICAL DESCRIPTION
Extent Vii.437;
500 ## - GENERAL NOTE
General note book.1
650 ## - SUBJECT ADDED ENTRY--TOPICAL TERM
Topical term or geographic name entry element Bio Medical
9 (RLIN) 42048
700 ## - ADDED ENTRY--PERSONAL NAME
Personal name No
9 (RLIN) 45387
942 ## - ADDED ENTRY ELEMENTS (KOHA)
Source of classification or shelving scheme Dewey Decimal Classification
Koha item type Books
Suppress in OPAC No
Holdings
Withdrawn status Lost status Source of classification or shelving scheme Damaged status Not for loan Home library Current library Shelving location Date acquired Total Checkouts Full call number Barcode Date last seen Price effective from Koha item type
    Dewey Decimal Classification     Central Library, Trident Academy of Technology Central Library, Trident Academy of Technology General Stacks 07/01/2024   610 RAO 61192 07/01/2024 07/01/2024 Books
Trident Academy of Technology © 2023.
All rights reserved.                                                                                                                                                                                                        Designed by Team of Central Library .

Powered by Koha